<?xml version="1.0" encoding="UTF-8"?>
<record
    xmlns:xsi="http://www.w3.org/2001/XMLSchema-instance"
    xsi:schemaLocation="http://www.loc.gov/MARC21/slim http://www.loc.gov/standards/marcxml/schema/MARC21slim.xsd"
    xmlns="http://www.loc.gov/MARC21/slim">

  <leader>00177nam a2200085   4500</leader>
  <controlfield tag="001">1258308</controlfield>
  <controlfield tag="005">20260306104022.0</controlfield>
  <datafield tag="245" ind1=" " ind2=" ">
    <subfield code="a">OYUNBOZAN</subfield>
    <subfield code="c">SUE L&#x130;MB</subfield>
  </datafield>
  <datafield tag="260" ind1=" " ind2=" ">
    <subfield code="b">ALTIN K&#x130;TAPLAR</subfield>
  </datafield>
  <datafield tag="999" ind1=" " ind2=" ">
    <subfield code="c">1258308</subfield>
    <subfield code="d">1258308</subfield>
  </datafield>
  <datafield tag="952" ind1=" " ind2=" ">
    <subfield code="0">0</subfield>
    <subfield code="1">0</subfield>
    <subfield code="2">ddc</subfield>
    <subfield code="4">0</subfield>
    <subfield code="7">0</subfield>
    <subfield code="a">1029</subfield>
    <subfield code="b">1029</subfield>
    <subfield code="d">2026-03-06</subfield>
    <subfield code="l">1</subfield>
    <subfield code="o">Z2</subfield>
    <subfield code="p">10291192</subfield>
    <subfield code="r">2026-03-26 13:37:05</subfield>
    <subfield code="s">2026-03-06</subfield>
    <subfield code="w">2026-03-06</subfield>
    <subfield code="y">BK</subfield>
  </datafield>
</record>
